000 00745nas a2200253 4500
001 BR2012007660
003 BR-BrBNA
005 20231205121316.0
007 ta
008 230509b bl.|||p| |||| 00| 00por d
040 _aBR-BrBNA
_bpor
_cBiblioteca Nacional de Agricultura
041 _a(Pt)
072 _aF01; L02
100 1 _aLima, J.B.M.P.
100 1 _aRodriguez, N.M.
245 1 _aManejo do pastejo de forrageiras tropicais
650 _aBOVINO
650 _aPASTEJO
650 _aFORRAGEM
650 _aNUTRIÇÃO ANIMAL
773 0 _tCadernos Técnicos de Veterinária e Zootecnia (Brazil)
_xISSN 1676-6024
_g(Mar 2009), no. 60 p. 69-84
_wBR2012007660
909 _a202311
_bLúcia
_c55
_dLúcia Elande
942 _2AGRIS
_n0
_cANA
999 _c222867
_d222867